<?xml version="1.0" encoding="UTF-8"?>
<record
    xmlns:xsi="http://www.w3.org/2001/XMLSchema-instance"
    xsi:schemaLocation="http://www.loc.gov/MARC21/slim http://www.loc.gov/standards/marcxml/schema/MARC21slim.xsd"
    xmlns="http://www.loc.gov/MARC21/slim">

  <leader>01552nas a2200349 i 4500</leader>
  <controlfield tag="001">49780</controlfield>
  <controlfield tag="003">DR-UNIBE</controlfield>
  <controlfield tag="005">20250612152919.0</controlfield>
  <controlfield tag="007">ta</controlfield>
  <controlfield tag="008">200225e2023    dr fn|p|r||||||0| | spa d</controlfield>
  <datafield tag="022" ind1=" " ind2=" ">
    <subfield code="a">2737-6516</subfield>
  </datafield>
  <datafield tag="022" ind1=" " ind2=" ">
    <subfield code="a">2737-6559-En l&#xED;nea</subfield>
  </datafield>
  <datafield tag="040" ind1=" " ind2=" ">
    <subfield code="a">BIBLIOTECA UNIBE</subfield>
    <subfield code="c">BIBLIOTECA UNIBE</subfield>
    <subfield code="b">spa</subfield>
    <subfield code="d">DO-SdBNP</subfield>
    <subfield code="e">rda</subfield>
  </datafield>
  <datafield tag="041" ind1=" " ind2=" ">
    <subfield code="a">spa</subfield>
  </datafield>
  <datafield tag="245" ind1="0" ind2="0">
    <subfield code="a">Hormonas (Archivos dominicanos de endocrinolog&#xED;a).</subfield>
  </datafield>
  <datafield tag="264" ind1=" " ind2=" ">
    <subfield code="a">Santo Domingo, Rep&#xFA;blica Dominicana :</subfield>
    <subfield code="b">Sociedad Dominicana de Endocrinolog&#xED;a y Nutrici&#xF3;n, </subfield>
    <subfield code="c">2023.</subfield>
  </datafield>
  <datafield tag="300" ind1=" " ind2=" ">
    <subfield code="a">volumen :</subfield>
    <subfield code="b">ilustraciones, tablas ;</subfield>
    <subfield code="c">28 x 22 cm</subfield>
  </datafield>
  <datafield tag="310" ind1=" " ind2=" ">
    <subfield code="a">Semestral.</subfield>
  </datafield>
  <datafield tag="336" ind1=" " ind2=" ">
    <subfield code="a">texto</subfield>
    <subfield code="b">txt</subfield>
    <subfield code="2">rdacontent</subfield>
  </datafield>
  <datafield tag="337" ind1=" " ind2=" ">
    <subfield code="a">sin mediaci&#xF3;n </subfield>
    <subfield code="b">n</subfield>
    <subfield code="2">rdamedia</subfield>
  </datafield>
  <datafield tag="338" ind1=" " ind2=" ">
    <subfield code="a">volumen </subfield>
    <subfield code="b">nc </subfield>
    <subfield code="2">rdacarrier</subfield>
  </datafield>
  <datafield tag="362" ind1="0" ind2=" ">
    <subfield code="a">Volumen 14, No. 1 (enero-junio 2023).</subfield>
  </datafield>
  <datafield tag="500" ind1=" " ind2=" ">
    <subfield code="a">Esta catalogaci&#xF3;n est&#xE1; basada con este volumen: Volumen 14, No. 1 (enero-junio 2023).</subfield>
  </datafield>
  <datafield tag="650" ind1=" " ind2="7">
    <subfield code="a">Endocrinolog&#xED;a</subfield>
    <subfield code="9">1356</subfield>
    <subfield code="2">lemb</subfield>
    <subfield code="v">Publicaciones peri&#xF3;dicas </subfield>
    <subfield code="z">Rep&#xFA;blica Dominicana</subfield>
  </datafield>
  <datafield tag="650" ind1=" " ind2="7">
    <subfield code="a">Nutrici&#xF3;n</subfield>
    <subfield code="9">61225</subfield>
    <subfield code="2">lemb</subfield>
    <subfield code="v">Publicaciones peri&#xF3;dicas </subfield>
    <subfield code="z">Rep&#xFA;blica Dominicana</subfield>
  </datafield>
  <datafield tag="650" ind1=" " ind2="7">
    <subfield code="a">Hormonas</subfield>
    <subfield code="9">61226</subfield>
    <subfield code="2">lemb</subfield>
    <subfield code="v">Publicaciones peri&#xF3;dicas </subfield>
    <subfield code="z">Rep&#xFA;blica Dominicana</subfield>
  </datafield>
  <datafield tag="650" ind1=" " ind2="7">
    <subfield code="a">Gl&#xE1;ndulas endocrinas</subfield>
    <subfield code="9">61227</subfield>
    <subfield code="2">lemb</subfield>
    <subfield code="v">Publicaciones peri&#xF3;dicas </subfield>
    <subfield code="z">Rep&#xFA;blica Dominicana</subfield>
  </datafield>
  <datafield tag="650" ind1=" " ind2="7">
    <subfield code="a">Regulaci&#xF3;n del metabolismo</subfield>
    <subfield code="9">1201</subfield>
    <subfield code="2">lemb</subfield>
    <subfield code="v">Publicaciones peri&#xF3;dicas </subfield>
    <subfield code="z">Rep&#xFA;blica Dominicana</subfield>
  </datafield>
  <datafield tag="655" ind1=" " ind2="7">
    <subfield code="a">Publicaciones peri&#xF3;dicas</subfield>
    <subfield code="9">61229</subfield>
    <subfield code="2">lemb</subfield>
  </datafield>
  <datafield tag="710" ind1="2" ind2=" ">
    <subfield code="a">Sociedad Dominicana de Endocrinolog&#xED;a y Nutrici&#xF3;n</subfield>
    <subfield code="e">autor</subfield>
    <subfield code="9">163764</subfield>
  </datafield>
  <datafield tag="942" ind1=" " ind2=" ">
    <subfield code="2">ddc</subfield>
    <subfield code="c">ISSUE</subfield>
  </datafield>
  <datafield tag="952" ind1=" " ind2=" ">
    <subfield code="0">0</subfield>
    <subfield code="1">0</subfield>
    <subfield code="2">ddc</subfield>
    <subfield code="4">0</subfield>
    <subfield code="5">6</subfield>
    <subfield code="7">0</subfield>
    <subfield code="8">SE</subfield>
    <subfield code="a">BNPHU</subfield>
    <subfield code="b">BNPHU</subfield>
    <subfield code="d">2025-05-29</subfield>
    <subfield code="h">Volumen 14, No. 1 (enero-junio 2023)</subfield>
    <subfield code="l">0</subfield>
    <subfield code="p">2025-4632</subfield>
    <subfield code="r">2025-05-29</subfield>
    <subfield code="t">e.1</subfield>
    <subfield code="w">2025-05-29</subfield>
    <subfield code="y">ISSUE</subfield>
  </datafield>
  <datafield tag="952" ind1=" " ind2=" ">
    <subfield code="0">0</subfield>
    <subfield code="1">0</subfield>
    <subfield code="2">ddc</subfield>
    <subfield code="4">0</subfield>
    <subfield code="5">6</subfield>
    <subfield code="7">0</subfield>
    <subfield code="8">SE</subfield>
    <subfield code="a">BNPHU</subfield>
    <subfield code="b">BNPHU</subfield>
    <subfield code="d">2025-05-29</subfield>
    <subfield code="h">Volumen 14, No. 1 (enero-junio 2023)</subfield>
    <subfield code="l">0</subfield>
    <subfield code="p">2025-4633</subfield>
    <subfield code="r">2025-05-29</subfield>
    <subfield code="t">e.2</subfield>
    <subfield code="w">2025-05-29</subfield>
    <subfield code="y">ISSUE</subfield>
  </datafield>
  <datafield tag="952" ind1=" " ind2=" ">
    <subfield code="0">0</subfield>
    <subfield code="1">0</subfield>
    <subfield code="2">ddc</subfield>
    <subfield code="4">0</subfield>
    <subfield code="5">6</subfield>
    <subfield code="7">0</subfield>
    <subfield code="8">SE</subfield>
    <subfield code="a">BNPHU</subfield>
    <subfield code="b">BNPHU</subfield>
    <subfield code="d">2025-05-29</subfield>
    <subfield code="h">Volumen 14, No. 1 (enero-junio 2023)</subfield>
    <subfield code="l">0</subfield>
    <subfield code="p">2025-4634</subfield>
    <subfield code="r">2025-05-29</subfield>
    <subfield code="t">e.3</subfield>
    <subfield code="w">2025-05-29</subfield>
    <subfield code="y">ISSUE</subfield>
  </datafield>
  <datafield tag="952" ind1=" " ind2=" ">
    <subfield code="0">0</subfield>
    <subfield code="1">0</subfield>
    <subfield code="2">ddc</subfield>
    <subfield code="4">0</subfield>
    <subfield code="5">6</subfield>
    <subfield code="7">0</subfield>
    <subfield code="8">SE</subfield>
    <subfield code="a">BNPHU</subfield>
    <subfield code="b">BNPHU</subfield>
    <subfield code="d">2025-05-29</subfield>
    <subfield code="h">Volumen 15, No. 1 (enero-junio 2024)</subfield>
    <subfield code="l">0</subfield>
    <subfield code="p">2025-4635</subfield>
    <subfield code="r">2025-05-29</subfield>
    <subfield code="t">e.1</subfield>
    <subfield code="w">2025-05-29</subfield>
    <subfield code="y">ISSUE</subfield>
  </datafield>
  <datafield tag="952" ind1=" " ind2=" ">
    <subfield code="0">0</subfield>
    <subfield code="1">0</subfield>
    <subfield code="2">ddc</subfield>
    <subfield code="4">0</subfield>
    <subfield code="5">6</subfield>
    <subfield code="7">0</subfield>
    <subfield code="8">SE</subfield>
    <subfield code="a">BNPHU</subfield>
    <subfield code="b">BNPHU</subfield>
    <subfield code="d">2025-05-29</subfield>
    <subfield code="h">Volumen 15, No. 1 (enero-junio 2024)</subfield>
    <subfield code="l">0</subfield>
    <subfield code="p">2025-4636</subfield>
    <subfield code="r">2025-05-29</subfield>
    <subfield code="t">e.2</subfield>
    <subfield code="w">2025-05-29</subfield>
    <subfield code="y">ISSUE</subfield>
  </datafield>
  <datafield tag="952" ind1=" " ind2=" ">
    <subfield code="0">0</subfield>
    <subfield code="1">0</subfield>
    <subfield code="2">ddc</subfield>
    <subfield code="4">0</subfield>
    <subfield code="5">6</subfield>
    <subfield code="7">0</subfield>
    <subfield code="8">SE</subfield>
    <subfield code="a">BNPHU</subfield>
    <subfield code="b">BNPHU</subfield>
    <subfield code="d">2025-05-29</subfield>
    <subfield code="h">Volumen 15, No. 1 (enero-junio 2024)</subfield>
    <subfield code="l">0</subfield>
    <subfield code="p">2025-4637</subfield>
    <subfield code="r">2025-05-29</subfield>
    <subfield code="t">e.3</subfield>
    <subfield code="w">2025-05-29</subfield>
    <subfield code="y">ISSUE</subfield>
  </datafield>
  <datafield tag="952" ind1=" " ind2=" ">
    <subfield code="0">0</subfield>
    <subfield code="1">0</subfield>
    <subfield code="2">ddc</subfield>
    <subfield code="4">0</subfield>
    <subfield code="5">6</subfield>
    <subfield code="7">0</subfield>
    <subfield code="8">SE</subfield>
    <subfield code="a">BNPHU</subfield>
    <subfield code="b">BNPHU</subfield>
    <subfield code="d">2025-05-29</subfield>
    <subfield code="h">Volumen 15, No. 2 (julio-diciembre 2024)</subfield>
    <subfield code="l">0</subfield>
    <subfield code="p">2025-4638</subfield>
    <subfield code="r">2025-05-29</subfield>
    <subfield code="t">e.1</subfield>
    <subfield code="w">2025-05-29</subfield>
    <subfield code="y">ISSUE</subfield>
  </datafield>
  <datafield tag="952" ind1=" " ind2=" ">
    <subfield code="0">0</subfield>
    <subfield code="1">0</subfield>
    <subfield code="2">ddc</subfield>
    <subfield code="4">0</subfield>
    <subfield code="5">6</subfield>
    <subfield code="7">0</subfield>
    <subfield code="8">SE</subfield>
    <subfield code="a">BNPHU</subfield>
    <subfield code="b">BNPHU</subfield>
    <subfield code="d">2025-05-29</subfield>
    <subfield code="h">Volumen 15, No. 2 (julio-diciembre 2024)</subfield>
    <subfield code="l">0</subfield>
    <subfield code="p">2025-4639</subfield>
    <subfield code="r">2025-05-29</subfield>
    <subfield code="t">e.2</subfield>
    <subfield code="w">2025-05-29</subfield>
    <subfield code="y">ISSUE</subfield>
  </datafield>
  <datafield tag="999" ind1=" " ind2=" ">
    <subfield code="c">59099</subfield>
    <subfield code="d">59099</subfield>
  </datafield>
</record>
